Entry Personal Name
Number of records used in: 2
001 - CONTROL NUMBER
003 - CONTROL NUMBER IDENTIFIER
005 - DATE AND TIME OF LATEST TRANSACTION
- control field:
20160629164406.0
008 - FIXED-LENGTH DATA ELEMENTS
- fixed length control field:
160629|| aca||aabn | a|a d
040 ## - CATALOGING SOURCE
- Original cataloging agency:
OSt
- Transcribing agency:
OSt
100 ## - HEADING--PERSONAL NAME
- Personal name:
Rai, S & Ghos R
670 ## - SOURCE DATA FOUND
- Source citation:
Work cat.: (OSt): Rai, S & Ghos R, Computer Awareness, 2012